000 01267nam2a22002531 4500
001 RU\NLR\INFOCOMM10\1000112052
005 20260406081120.0
035 _a(NLR Aleph) 002648469
090 _a3848851
_c3848851
100 _a20031225d2002 |||y0rusy50 ca
101 0 _arus
102 _aRU
105 _ay |||||||||
200 1 _aИскопаемая флора медистых песчаников (верхняя пермь Приуралья)
_fС.В. Наугольных
210 _d2002
_aБ. м.
461 0 _1001RU\NLR\INFOCOMM10\1000112044
_12001#$aVM-Novitates$eНовости из Геол. музея им. В.И. Верданского$fГос. геол. музей им. В.И. Вернадского РАН$v№8
_93848803
_cМ.
_d1998 -
_fГос. геол. музей им. В.И. Вернадского РАН
_nГос. геол. музей
_oНовости из Геол. музея им. В.И. Вернадского
_tVM-Novitates
_x1029-7812
_v№8
700 1 _4070
_7ca
_8rus
_aНаугольных
_bС. В.
_f1967-
_gСергей Владимирович
_3RU\NLR\AUTH\770242559
_9242503
801 1 _aRU
_bInfoComm
_c20031225
801 0 _aRU
_bNLR
_gPSBO
852 _aNLR
_jП7/2482
942 _cISSUE
980 _aNB
980 _aRUSPER